Obras completas
محفوظ في:
| المؤلف الرئيسي: | |
|---|---|
| التنسيق: | كتاب |
| اللغة: | الإسبانية |
| منشور في: |
Madrid
Biblioteca Nueva
1967
|
| الموضوعات: | |
| الوسوم: |
إضافة وسم
لا توجد وسوم, كن أول من يضع وسما على هذه التسجيلة!
|
MARC
| LEADER | 00000nam a2200000 a 4500 | ||
|---|---|---|---|
| 001 | UCZ6154 | ||
| 003 | CL-VaPUC | ||
| 008 | 951201e19670000SP |||||||||||||||||spa|d | ||
| 082 | 0 | 4 | |a 150.195 |b FRE |2 21 |
| 100 | |a Freud, Sigmund |e author |9 307892 | ||
| 245 | 1 | 0 | |a Obras completas |
| 300 | |a v | ||
| 942 | |c BK | ||
| 945 | |d 19951201 00:00:00 |a cmena | ||
| 260 | |a Madrid |b Biblioteca Nueva |c 1967 | ||
| 650 | 0 | |a Psicoanálisis |9 265702 | |
| 650 | 0 | |a Psicología |9 257863 | |
| 650 | 0 | |a Trastornos del comportamiento |9 311363 | |
| 650 | 0 | |a Tests psicológicos |9 308644 | |
| 650 | 0 | |a Psicometría |9 260694 | |
| 583 | |a last modification |c 19951201 00:00:00 |k Rodrigo Vera | ||
| 999 | |c 242410 |d 242408 | ||
| 952 | |0 0 |1 0 |4 0 |6 150_195000000000000_FRE_1967 |7 0 |8 X |9 255340 |a BIBEDU |b BIBEDU |d 2019-11-19 |h v.1 |i 1600303 |o 150.195 FRE 1967 |p 1600303 |r 2023-01-13 |w 2019-11-19 |y BK_X |k FIL | ||
| 952 | |0 0 |1 0 |4 0 |6 150_195000000000000_FRE_1967 |7 0 |8 X |9 255341 |a BIBEDU |b BIBEDU |d 2019-11-19 |h v.2 |i 1600230 |o 150.195 FRE 1967 |p 1600230 |r 2023-01-13 |w 2019-11-19 |y BK_X |k FIL | ||
| 952 | |0 0 |1 0 |4 0 |6 150_195000000000000_FRE_1967 |7 0 |8 X |9 255342 |a BIBEDU |b BIBEDU |d 2019-11-19 |h v.3 |i 1600796 |o 150.195 FRE 1967 |p 1600796 |r 2023-01-13 |w 2019-11-19 |y BK_X |k FIL | ||